[Event "?"]
[Site "?"]
[Date "????.??.??"]
[Round "?"]
[White "Ciobanu, Viorel Adrian"]
[Black "Dinu, Dumitru Daniel"]
[Result "1/2-1/2"]
[WhiteElo "2164"]
[BlackElo "2336"]
[PlyCount "36"]

1. Nf3 Nf6 2. g3 d5 3. Bg2 c5 4. O-O Nc6 5. d3 e5 6. Nbd2 h6 7. e4 dxe4 8. dxe4
Be6 9. c3 Be7 10. Nh4 g6 11. f4 exf4 12. gxf4 Ng4 13. Qe2 Bxh4 14. f5 Nge5 15.
fxe6 O-O 16. exf7+ Rxf7 17. Rxf7 Kxf7 18. Nc4 Kg7 1/2-1/2

[Event "?"]
[Site "?"]
[Date "????.??.??"]
[Round "?"]
[White "Ciobanu, Viorel Adrian"]
[Black "Marinescu, Mircea"]
[Result "1-0"]
[WhiteElo "2164"]
[BlackElo "2248"]
[PlyCount "99"]

1. Nf3 Nf6 2. g3 d5 3. Bg2 e6 4. O-O Be7 5. d3 O-O 6. Nbd2 Nbd7 7. e4 e5 8. Qe2
dxe4 9. dxe4 c6 10. Nc4 Qc7 11. Nh4 Nb6 12. Ne3 Re8 13. Nef5 Bf8 14. g4 Be6 15.
b3 Rad8 16. Bg5 Nbd7 17. Rad1 h6 18. Bc1 Nh7 19. Rd3 Nc5 20. Rg3 Ng5 21. Bxg5
hxg5 22. Nf3 f6 23. h4 gxh4 24. N3xh4 g5 25. Nf3 Bf7 26. Ne1 Ne6 27. Nd3 Qa5
28. a4 Bg6 29. Kh2 Rd7 30. Rh1 Nf4 31. Nxf4 exf4 32. Rh3 Qd2 33. Bf1 Qxe2 34.
Bxe2 Rxe4 35. Bd3 Re5 36. Kg2 Rh7 37. Bc4+ Kh8 38. Rxh7+ Bxh7 39. Bf7 Rxf5 40.
gxf5 Kg7 41. Be6 Bg8 42. Bxg8 Kxg8 43. Rd1 g4 44. Rd7 b6 45. Rxa7 Bd6 46. Rb7
f3+ 47. Kf1 Bc5 48. c3 Kf8 49. b4 Bd6 50. a5 1-0

[Event "?"]
[Site "?"]
[Date "????.??.??"]
[Round "?"]
[White "Miroiu, George Catalin"]
[Black "Ciobanu, Viorel Adrian"]
[Result "1/2-1/2"]
[WhiteElo "1946"]
[BlackElo "2164"]
[PlyCount "108"]

1. d4 Nf6 2. c4 g6 3. Nc3 Bg7 4. e4 d6 5. f3 O-O 6. Be3 c5 7. Nge2 Nc6 8. Qd2
cxd4 9. Nxd4 Qa5 10. Be2 Bd7 11. O-O Rfc8 12. b3 a6 13. Rfd1 b5 14. Rac1 bxc4
15. Bxc4 Qd8 16. Bf1 h5 17. Nxc6 Bxc6 18. b4 Nd7 19. Bd4 h4 20. Bxg7 Kxg7 21.
Qd4+ Kg8 22. Kh1 Qb6 23. Qxb6 Nxb6 24. a3 Bb7 25. Kg1 Rc7 26. Na2 Rac8 27. Rxc7
Rxc7 28. Rc1 Rxc1 29. Nxc1 Kg7 30. Kf2 Kf6 31. Ke3 g5 32. g3 e5 33. gxh4 gxh4
34. f4 Nd7 35. Nd3 exf4+ 36. Kxf4 Ke7 37. e5 dxe5+ 38. Nxe5 Nxe5 39. Kxe5 f6+
40. Kf4 Bc8 41. Bd3 Kd6 42. Bf5 Bb7 43. Be4 Bc8 44. Bd3 Kd5 45. Bf5 Bxf5 46.
Kxf5 Kc4 47. Kg4 Kb3 48. Kxh4 Kxa3 49. Kg4 Kxb4 50. h4 a5 51. h5 a4 52. h6 a3
53. h7 a2 54. h8=Q a1=Q 1/2-1/2

[Event "?"]
[Site "?"]
[Date "????.??.??"]
[Round "3"]
[White "Tardi, Zoltan"]
[Black "Ciobanu, Viorel Adrian"]
[Result "0-1"]
[WhiteElo "1972"]
[BlackElo "2164"]
[PlyCount "102"]

1. d4 Nf6 2. c4 g6 3. Nc3 Bg7 4. e4 d6 5. Nf3 O-O 6. Be2 e5 7. O-O Nc6 8. d5
Ne7 9. Bd2 Nd7 10. Ng5 h6 11. Nf3 f5 12. exf5 gxf5 13. Ne1 Nf6 14. f4 e4 15.
Be3 c5 16. Qc2 Kh8 17. g3 Bd7 18. Rd1 Qe8 19. Ng2 Qg6 20. Rb1 a5 21. a4 b6 22.
Nd1 h5 23. Nf2 Ng4 24. Nh4 Qh7 25. Nxg4 hxg4 26. b3 Bf6 27. Ng2 Kg7 28. Kf2 Rh8
29. Rh1 Kf7 30. Bc1 Bd4+ 31. Kf1 Ng6 32. Bb2 Qg7 33. Bd1 Rh3 34. Ne1 Rah8 35.
Bxd4 Qxd4 36. Qg2 Nxf4 37. gxf4 e3 38. Be2 Qxf4+ 39. Kg1 g3 40. Nf3 gxh2+ 41.
Rxh2 Rxh2 42. Nxh2 Rg8 43. Ng4 Ke7 44. Rf1 Qd4 45. Qh3 Rxg4+ 46. Bxg4 e2+ 47.
Kh2 exf1=N+ 48. Qxf1 Qxg4 49. Qe1+ Kd8 50. Qc3 Qh4+ 51. Kg1 Qd4+ 0-1

[Event "ch-ROU 2018"]
[Site "Olanesti ROU"]
[Date "2018.05.22"]
[Round "9.18"]
[White "Ciobanu, Viorel Adrian"]
[Black "Cotruta, Alexandru-Mihai"]
[Result "1-0"]
[WhiteElo "2196"]
[BlackElo "1776"]
[PlyCount "61"]
[EventDate "2018.05.14"]

1. e4 c5 2. d4 cxd4 3. c3 d3 4. Bxd3 Qc7 5. Nf3 e6 6. O-O d6 7. Na3 a6 8. Bf4
Nd7 9. Qa4 Ngf6 10. e5 Nd5 11. exd6 Bxd6 12. Bxd6 Qxd6 13. Rad1 Qf4 14. Be4 f5
15. Bc2 Qh6 16. c4 N5f6 17. Qb4 Kf7 18. Rfe1 Re8 19. Qd6 g6 20. c5 Qf8 21. Nc4
Nxc5 22. Qc7+ Kg8 23. Nd6 Rd8 24. Ne4 fxe4 25. Rxd8 Ne8 26. Rxe8 Qxe8 27. Ng5
Nd7 28. Rd1 b5 29. Nxe4 Rb8 30. Rxd7 Qxd7 31. Nf6+ 1-0

[Event "ch-ROU 2018"]
[Site "Olanesti ROU"]
[Date "2018.05.21"]
[Round "8.16"]
[White "Coca, Cristi-Iulian"]
[Black "Ciobanu, Viorel Adrian"]
[Result "1-0"]
[WhiteElo "2003"]
[BlackElo "2196"]
[PlyCount "115"]
[EventDate "2018.05.14"]

1. e4 e5 2. Nf3 Nc6 3. Bc4 Nf6 4. d3 Bc5 5. c3 a6 6. Bb3 Ba7 7. O-O O-O 8. Nbd2
d6 9. h3 Kh8 10. Re1 Ng8 11. Nf1 f5 12. exf5 Bxf5 13. Be3 Qf6 14. Ng3 Nce7 15.
Nh5 Qg6 16. Nh4 Qe8 17. Bxa7 Rxa7 18. d4 Ng6 19. Nxf5 Rxf5 20. Ng3 Rf8 21. dxe5
dxe5 22. Ne4 Qe7 23. Qd2 a5 24. Rad1 Nf6 25. Ng5 Ra6 26. Qe3 Ne8 27. Nf3 Qf6
28. Kh1 a4 29. Bc2 a3 30. b4 Rd6 31. Bxg6 Qxg6 32. Nxe5 Qf5 33. Nf3 Rxd1 34.
Rxd1 Nd6 35. Qe7 Qf7 36. Re1 h6 37. Kg1 Nb5 38. Qxf7 Rxf7 39. Re3 Rd7 40. c4
Rd1+ 41. Kh2 Nd6 42. Rxa3 Nxc4 43. Rc3 b5 44. Kg3 Rb1 45. a3 Nd6 46. Rxc7 Rb3
47. Kf4 Rxa3 48. Rc6 Rd3 49. Ke5 Nf7+ 50. Kf5 Kh7 51. Rb6 Nd6+ 52. Ke6 Ne8 53.
Ke7 Nc7 54. Rb7 Nd5+ 55. Kf8 Nxb4 56. Rxg7+ Kh8 57. Ne5 Rd8+ 58. Kf7 1-0

[Event "ch-ROU 2018"]
[Site "Olanesti ROU"]
[Date "2018.05.20"]
[Round "7.12"]
[White "Ciobanu, Viorel Adrian"]
[Black "Dobre, Claudiu Cristian"]
[Result "0-1"]
[WhiteElo "2196"]
[BlackElo "2393"]
[PlyCount "72"]
[EventDate "2018.05.14"]

1. e4 Nc6 2. Nf3 d6 3. d4 Nf6 4. Nc3 Bg4 5. Be3 e6 6. Bd3 d5 7. e5 Nd7 8. a3
Be7 9. h3 Bh5 10. g4 Bg6 11. Bxg6 hxg6 12. Qd3 Nb6 13. Nd2 Qd7 14. f4 O-O-O 15.
Ne2 a6 16. O-O-O Na5 17. Kb1 Nac4 18. Nxc4 dxc4 19. Qe4 Na4 20. Ka2 Qb5 21. Bc1
Kb8 22. h4 Rd5 23. Rh3 Rhd8 24. h5 gxh5 25. gxh5 Qd7 26. Rf3 f5 27. Qe3 c5 28.
c3 cxd4 29. cxd4 Rb5 30. Nc3 Nxc3+ 31. bxc3 Rb3 32. Bb2 Bxa3 33. Bxa3 Rxa3+ 34.
Kxa3 Qb5 35. Ka2 Qb3+ 36. Ka1 Rd5 0-1

[Event "ch-ROU 2018"]
[Site "Olanesti ROU"]
[Date "2018.05.17"]
[Round "4.16"]
[White "Farcadi, Hunor"]
[Black "Ciobanu, Viorel Adrian"]
[Result "1-0"]
[WhiteElo "1959"]
[BlackElo "2196"]
[PlyCount "141"]
[EventDate "2018.05.14"]

1. e4 e5 2. Nf3 Nc6 3. Nc3 Nf6 4. a3 d5 5. Bb5 Bg4 6. exd5 Nxd5 7. Qe2 Bxf3 8.
Qxf3 Nde7 9. O-O a6 10. Bc4 f6 11. Ne4 Nc8 12. c3 Nd6 13. Nxd6+ Qxd6 14. Qh3 g6
15. d4 f5 16. Bg5 Be7 17. dxe5 Qc5 18. Bxe7 Nxe7 19. Qd3 Rd8 20. Qe2 Nd5 21.
Rad1 b5 22. Bxd5 Rxd5 23. Rxd5 Qxd5 24. e6 O-O 25. Rd1 Qc5 26. e7 Re8 27. Qe6+
Kg7 28. Rd7 Qb6 29. Qxb6 cxb6 30. Kf1 Kf7 31. Rb7 Rxe7 32. Rxb6 Rd7 33. Rxa6
Rd2 34. Ra7+ Kf6 35. b4 Rc2 36. Rxh7 Rxc3 37. Rb7 Rxa3 38. g3 f4 39. gxf4 Rf3
40. Rb6+ Kg7 41. Rxb5 Rxf4 42. Kg2 Rc4 43. Kg3 Kf6 44. Rb6+ Kf5 45. f3 Rd4 46.
b5 Rb4 47. Rb8 Kg5 48. b6 Kf6 49. h4 Kg7 50. f4 Rb3+ 51. Kg4 Rb1 52. Kf3 Rb4
53. Ke3 Kh7 54. Kd3 Rxf4 55. Kc3 Rf1 56. Kc4 Rc1+ 57. Kb5 Rb1+ 58. Kc6 Rc1+ 59.
Kb7 Rc4 60. Rc8 Rxh4 61. Rc5 Rb4 62. Kc7 Kh6 63. b7 Rb2 64. b8=Q Rxb8 65. Kxb8
g5 66. Kc7 Kh5 67. Kd6 Kg4 68. Ke5 Kf3 69. Rc3+ Kf2 70. Kf5 g4 71. Ke4 1-0

[Event "ch-ROU 2018"]
[Site "Olanesti ROU"]
[Date "2018.05.16"]
[Round "3.17"]
[White "Ciobanu, Viorel Adrian"]
[Black "Stan, Andrei-Mihaita"]
[Result "1/2-1/2"]
[WhiteElo "2196"]
[BlackElo "1860"]
[PlyCount "189"]
[EventDate "2018.05.14"]

1. e4 e6 2. d4 d5 3. Nc3 Nf6 4. e5 Nfd7 5. f4 c5 6. Nf3 Nc6 7. Be3 a6 8. Qd2 b5
9. a3 Qb6 10. g3 Bb7 11. Bg2 Be7 12. Ne2 c4 13. O-O O-O-O 14. Ng5 Bxg5 15. fxg5
Rhf8 16. Rf4 Qc7 17. Raf1 Nb6 18. Qe1 Rd7 19. Bh3 Re7 20. Bd2 Kb8 21. Qf2 Bc8
22. Qf3 g6 23. Rh4 Rh8 24. Qf6 Qd8 25. Rh6 Nd7 26. Qf4 Qb6 27. Qe3 a5 28. Rh4
Ba6 29. c3 Ka7 30. Rhf4 Nd8 31. R4f2 Rg8 32. Bg2 Bb7 33. Bh3 a4 34. Nf4 Ka8 35.
Ng2 Ka7 36. Qe2 Ka8 37. Ne3 Qc7 38. Ng4 Rh8 39. Nh6 Rf8 40. Qg4 Nb6 41. Rf4 Qd7
42. R1f2 Qe8 43. Qe2 Ka7 44. Qf1 Ka8 45. Bg4 Ka7 46. Bd1 Ka8 47. Bc2 Rc7 48. h4
Qe7 49. R4f3 Bc6 50. Ng4 Rh8 51. Nf6 Nd7 52. h5 Kb7 53. Rh2 Nxf6 54. Rxf6 Qe8
55. Rf4 Qg8 56. Rfh4 Qg7 57. Qh3 Be8 58. Rf2 Re7 59. Rf6 Ka7 60. Qf1 Kb6 61.
Rhf4 Rc7 62. Bd1 Bc6 63. hxg6 hxg6 64. Rh4 Re7 65. Rh6 Ree8 66. Qh3 Bd7 67. Rf4
Kb7 68. Rfh4 Rhg8 69. Bf3 Bc6 70. Qf1 Qf8 71. Bd1 Ka6 72. Bc2 Qe7 73. Qf2 Ref8
74. Rh7 Kb6 75. R4h6 Qe8 76. Qf6 Ka6 77. Be3 Kb6 78. Rg7 Rxg7 79. Qxg7 Rg8 80.
Qf6 Ka6 81. Rh7 Kb6 82. Kg2 Ka6 83. Bb1 Kb6 84. Bc1 Ka6 85. Qf1 Qe7 86. Kg1 Kb6
87. Qh3 Qe8 88. Qh6 Qf8 89. g4 Ka6 90. Qh3 Kb6 91. Bc2 Ka6 92. Bd1 Qe8 93. Be2
Qf8 94. Qh6 Kb6 95. Bd1 1/2-1/2

[Event "ch-ROU 2018"]
[Site "Olanesti ROU"]
[Date "2018.05.15"]
[Round "2.10"]
[White "Secheres, Adrian Simion"]
[Black "Ciobanu, Viorel Adrian"]
[Result "1-0"]
[WhiteElo "2404"]
[BlackElo "2196"]
[PlyCount "63"]
[EventDate "2018.05.14"]

1. e4 e5 2. Nf3 Nc6 3. Bc4 Nf6 4. d3 Bc5 5. c3 a6 6. O-O Ba7 7. Re1 d6 8. Bb3
O-O 9. h3 h6 10. Nbd2 Re8 11. Nf1 Be6 12. Bc2 d5 13. exd5 Nxd5 14. Ng3 Qf6 15.
Nh5 Qe7 16. Bd2 Qd6 17. Qe2 Bf5 18. Nh4 Bg6 19. Nxg6 Qxg6 20. Qf3 Rad8 21. Bb3
Nf6 22. Nxf6+ gxf6 23. Re4 f5 24. Rh4 h5 25. d4 exd4 26. Rxh5 Ne5 27. Qxf5 Qxf5
28. Rxf5 dxc3 29. Bxc3 Bd4 30. Rd1 Bxc3 31. Rxd8 Rxd8 32. bxc3 1-0

[Event "Campionatul National pe echipe-DIVIZIA "]
[Site "Hotel Euro Vacanta Slanic Mol"]
[Date "2017.10.07"]
[Round "8.3"]
[White "Ciobanu, Viorel Adrian"]
[Black "Pop, Alexandru"]
[Result "1-0"]
[WhiteElo "2192"]
[BlackElo "2285"]
[PlyCount "122"]
[EventDate "2017.09.30"]
[EventType "team"]
[EventRounds "9"]
[WhiteTeam "CLUBUL DE SAH DIANA GALATI"]
[BlackTeam "CS OTOPENI"]

1. e4 e5 2. Nf3 Nc6 3. Bb5 a6 4. Ba4 Nf6 5. O-O Be7 6. Re1 b5 7. Bb3 d6 8. c3
O-O 9. h3 Nb8 10. d4 Nbd7 11. Nbd2 Bb7 12. Bc2 Re8 13. Nf1 Bf8 14. Ng3 g6 15.
b3 Bg7 16. d5 Qc8 17. Be3 c6 18. c4 Qc7 19. Qd2 c5 20. Bh6 Reb8 21. Bxg7 Kxg7
22. Nh4 Kh8 23. f4 Qd8 24. Nf3 Qe7 25. Re2 Re8 26. Rf1 Bc8 27. Ref2 Ng8 28. f5
f6 29. fxg6 hxg6 30. h4 Nf8 31. h5 g5 32. Nh2 Nh7 33. Nf5 Bxf5 34. Rxf5 Nh6 35.
R5f2 Rf8 36. Bd1 Qd7 37. Be2 b4 38. Qd1 a5 39. Bg4 Qe7 40. Bf5 a4 41. Ng4 Nxf5
42. Rxf5 axb3 43. axb3 Kg7 44. Qd2 Kh8 45. Qe3 Qg7 46. Qh3 Ra3 47. R5f3 Rg8 48.
Rxf6 Nxf6 49. Rxf6 Rf8 50. Rh6+ Kg8 51. Rg6 Ra1+ 52. Kh2 Rff1 53. Rxg7+ Kxg7
54. Qe3 Rf4 55. Qe2 Rb1 56. g3 Rff1 57. Nf2 Rfc1 58. Qg4 Rc2 59. Qxg5+ Kh8 60.
Qf6+ Kg8 61. h6 Rh1+ 1-0

[Event "Campionatul National pe echipe-DIVIZIA "]
[Site "Hotel Euro Vacanta Slanic Mol"]
[Date "2017.10.06"]
[Round "7.3"]
[White "Szabo, Attila"]
[Black "Ciobanu, Viorel Adrian"]
[Result "1-0"]
[WhiteElo "2305"]
[BlackElo "2192"]
[PlyCount "108"]
[EventDate "2017.09.30"]
[EventType "team"]
[EventRounds "9"]
[WhiteTeam "CS SIG-MAR SIGHETU MARMATIEI"]
[BlackTeam "CLUBUL DE SAH DIANA GALATI"]

1. e4 e5 2. Nf3 Nc6 3. Bb5 a6 4. Bxc6 dxc6 5. O-O Be6 6. d4 exd4 7. Qxd4 Qxd4
8. Nxd4 Bc4 9. Re1 O-O-O 10. Be3 f6 11. Nd2 Bf7 12. f4 Bc5 13. N2f3 Ne7 14. Bf2
Bxd4 15. Bxd4 Bh5 16. Bc3 Bxf3 17. gxf3 c5 18. Kf2 b5 19. Rad1 Nc6 20. b3 b4
21. Bb2 c4 22. bxc4 Na5 23. c5 Nc4 24. Bd4 Kb7 25. e5 fxe5 26. Bxe5 Nxe5 27.
fxe5 Kc6 28. Ke3 Kxc5 29. Ke4 Kc4 30. Rxd8 Rxd8 31. Re3 Re8 32. f4 g6 33. h4 a5
34. h5 a4 35. hxg6 hxg6 36. Rg3 Re6 37. f5 gxf5+ 38. Kxf5 Re8 39. e6 Kd4 40.
Rd3+ Kc4 41. Kf6 Rf8+ 42. Kg7 Rf2 43. e7 Rg2+ 44. Kf7 Rf2+ 45. Ke6 Re2+ 46. Kd7
c5 47. e8=Q Rxe8 48. Kxe8 Kb5 49. Kd7 a3 50. Kd6 c4 51. Rg3 c3 52. Kd5 b3 53.
cxb3 c2 54. Rc3 c1=N 1-0

[Event "Campionatul National pe echipe-DIVIZIA "]
[Site "Hotel Euro Vacanta Slanic Mol"]
[Date "2017.10.05"]
[Round "6.2"]
[White "Veneteanu, Ion Cristian"]
[Black "Ciobanu, Viorel Adrian"]
[Result "1-0"]
[WhiteElo "2165"]
[BlackElo "2192"]
[PlyCount "149"]
[EventDate "2017.09.30"]
[EventType "team"]
[EventRounds "9"]
[WhiteTeam "ACS FIANCHETTO CONSTANTA"]
[BlackTeam "CLUBUL DE SAH DIANA GALATI"]

1. d4 Nf6 2. c4 g6 3. Nc3 Bg7 4. e4 d6 5. f3 O-O 6. Bg5 c5 7. d5 e6 8. Qd2 exd5
9. cxd5 a6 10. a4 Nbd7 11. Nh3 Qc7 12. Nf2 c4 13. Be2 Rb8 14. a5 Nc5 15. Bxc4
b5 16. axb6 Rxb6 17. O-O Nfd7 18. f4 Re8 19. Rac1 Qb8 20. Rc2 Rb4 21. Ba2 Nb3
22. Bxb3 Rxb3 23. Kh1 Nc5 24. f5 Nd7 25. Ng4 f6 26. fxg6 fxg5 27. gxh7+ Kh8 28.
Qxg5 Ne5 29. Nxe5 Rxe5 30. Qg6 Bf5 31. exf5 Qf8 32. f6 Qxf6 33. Qxf6 Bxf6 34.
g3 Bg7 35. Rf7 Kxh7 36. Rd7 Re3 37. Kg2 a5 38. Ra7 Kg6 39. Rxa5 Be5 40. Ra6 Rb4
41. Rd2 Re1 42. Nd1 Kf5 43. Ra8 Kf6 44. Re8 Kf7 45. Re6 Rb5 46. Rh6 Ke7 47. Rh4
Kd7 48. Nc3 Rb3 49. Ne4 Kc7 50. Rc2+ Kb7 51. Rh7+ Kb8 52. Nc3 Bd4 53. Rd2 Rg1+
54. Kh3 Be5 55. Rf2 Rb7 56. Rf8+ Ka7 57. Nb5+ Kb6 58. Rxb7+ Kxb7 59. Nc3 Kb6
60. Rc8 Ka5 61. Rc4 Rc1 62. Kg4 Rc2 63. b4+ Ka6 64. Rc6+ Kb7 65. Ne4 Rxh2 66.
Nxd6+ Kb8 67. Ne4 Rb2 68. Kf5 Bxg3 69. Nxg3 Rxb4 70. Ne4 Rb1 71. Ke5 Rh1 72. d6
Rd1 73. Rc4 Rh1 74. d7 Rd1 75. Ke6 1-0

[Event "TCh-ROU League A 2017"]
[Site "Slanic Moldova ROU"]
[Date "2017.10.04"]
[Round "5.2"]
[White "Ciobanu, Viorel Adrian"]
[Black "Demeny, Miklos Nicolae"]
[Result "1-0"]
[WhiteElo "2192"]
[BlackElo "2282"]
[PlyCount "85"]
[EventDate "2017.09.30"]
[EventType "team"]
[WhiteTeam "CLUBUL DE SAH DIANA GALATI"]
[BlackTeam "CSU  ALEX BRASOV"]

1. e4 e5 2. Nf3 Nf6 3. Nxe5 d6 4. Nf3 Nxe4 5. d4 d5 6. Bd3 Be7 7. O-O O-O 8. c4
c6 9. Nc3 Nf6 10. h3 dxc4 11. Bxc4 Nbd7 12. Re1 Nb6 13. Bb3 Nfd5 14. Ne4 Bf5
15. Bd2 a5 16. a3 a4 17. Ba2 Re8 18. Ne5 f6 19. Ng3 Bc8 20. Nd3 Bf8 21. Qf3 Be6
22. Nc5 Bxc5 23. dxc5 Nd7 24. Ne4 Bf7 25. Nd6 Rxe1+ 26. Rxe1 Nxc5 27. Nxf7 Kxf7
28. Bb4 b6 29. Qh5+ Kg8 30. Bb1 h6 31. Qf5 Ne7 32. Qh7+ Kf7 33. Ba2+ Nd5 34.
Bxc5 bxc5 35. Rd1 Rb8 36. Bb1 Qg8 37. Qf5 Rd8 38. Re1 g6 39. Qe6+ Kg7 40. Qxc6
Qf8 41. Qxa4 Qd6 42. Rd1 Qe7 43. Qe4 1-0

[Event "Campionatul National pe echipe-DIVIZIA "]
[Site "Hotel Euro Vacanta Slanic Mol"]
[Date "2017.10.03"]
[Round "4.2"]
[White "Chima, Radu-Niculin"]
[Black "Ciobanu, Viorel Adrian"]
[Result "1-0"]
[WhiteElo "2124"]
[BlackElo "2192"]
[PlyCount "107"]
[EventDate "2017.09.30"]
[EventType "team"]
[EventRounds "9"]
[WhiteTeam "ASOCIATIA SAH CLUB BISTRITA"]
[BlackTeam "CLUBUL DE SAH DIANA GALATI"]

1. e4 e5 2. Nf3 Nc6 3. Bc4 Nf6 4. d3 Be7 5. O-O O-O 6. a4 d6 7. h3 Be6 8. Na3
h6 9. Re1 Nd7 10. c3 Bf6 11. d4 Bxc4 12. Nxc4 exd4 13. cxd4 Re8 14. Na3 Nf8 15.
Bf4 Ne6 16. Be3 Ng5 17. Nxg5 Bxg5 18. d5 Bxe3 19. Rxe3 Ne5 20. Rc1 Nd7 21. Nb5
Nc5 22. b4 a6 23. Nxd6 cxd6 24. bxc5 dxc5 25. Rxc5 Qd6 26. Qd4 Rad8 27. e5 Qb6
28. a5 Qb1+ 29. Kh2 Qf5 30. f4 h5 31. Rg3 g6 32. Rg5 Qd7 33. f5 Qe7 34. f6 Qd7
35. Qe4 Rc8 36. Rxc8 Rxc8 37. e6 Qc7+ 38. Qe5 Qxe5+ 39. Rxe5 Kf8 40. e7+ Ke8
41. d6 Kd7 42. Kg3 Re8 43. Rd5 Rc8 44. Kf4 Rc2 45. Ke3 Rc1 46. Kd4 Rc6 47. h4
b5 48. axb6 Rxb6 49. Kc5 Rb5+ 50. Kc4 Rb8 51. Re5 a5 52. Rb5 Ra8 53. Kd5 Ra7
54. Rb8 1-0

[Event "Campionatul National pe echipe-DIVIZIA "]
[Site "Hotel Euro Vacanta Slanic Mol"]
[Date "2017.10.02"]
[Round "3.2"]
[White "Paval, George"]
[Black "Ciobanu, Viorel Adrian"]
[Result "0-1"]
[WhiteElo "2202"]
[BlackElo "2192"]
[PlyCount "96"]
[EventDate "2017.09.30"]
[EventType "team"]
[EventRounds "9"]
[WhiteTeam "AC DE SAH REALITATEA HUSI"]
[BlackTeam "CLUBUL DE SAH DIANA GALATI"]

1. d4 Nf6 2. c4 g6 3. Nf3 Bg7 4. g3 O-O 5. Bg2 d6 6. O-O Nbd7 7. Qc2 e5 8. Rd1
Re8 9. Nc3 c6 10. e4 Qe7 11. Be3 exd4 12. Nxd4 Ng4 13. Bf4 Nge5 14. b3 Nc5 15.
h3 Ne6 16. Be3 Nxd4 17. Bxd4 Bxh3 18. Bxe5 Qxe5 19. Bxh3 Qxc3 20. Qxc3 Bxc3 21.
Rac1 Bb4 22. Bg2 a5 23. a4 Re7 24. Rd3 Kg7 25. Bf3 Bc5 26. Kg2 h5 27. Rc2 Rh8
28. Kf1 g5 29. Bg2 Rhe8 30. Rd1 g4 31. f3 f5 32. Re2 fxe4 33. Rxe4 Rxe4 34.
fxe4 Rf8+ 35. Ke1 Bf2+ 36. Ke2 Bxg3 37. Bh1 Rf2+ 38. Ke3 Rb2 39. e5 Bxe5 40.
Ke4 Rf2 41. Ke3 g3 42. Bf3 h4 43. Rh1 Bf6 44. Rd1 Bg5+ 45. Ke4 g2 46. Bxg2 Rxg2
47. Rxd6 h3 48. Kf5 h2 0-1

[Event "Campionatul National pe echipe-DIVIZIA "]
[Site "Hotel Euro Vacanta Slanic Mol"]
[Date "2017.10.01"]
[Round "2.3"]
[White "Mozes, Ervin"]
[Black "Ciobanu, Viorel Adrian"]
[Result "1/2-1/2"]
[WhiteElo "2158"]
[BlackElo "2192"]
[PlyCount "35"]
[EventDate "2017.09.30"]
[EventType "team"]
[EventRounds "9"]
[WhiteTeam "CSU  ARAD"]
[BlackTeam "CLUBUL DE SAH DIANA GALATI"]

1. g3 Nf6 2. Bg2 g6 3. e4 d6 4. d4 Bg7 5. Ne2 O-O 6. O-O c5 7. c3 Nc6 8. h3 e5
9. Be3 cxd4 10. cxd4 d5 11. dxe5 Nxe4 12. f4 d4 13. Nxd4 Nxg3 14. Nxc6 bxc6 15.
Qxd8 Rxd8 16. Re1 Nf5 17. Bc1 Nd4 18. Na3 1/2-1/2

[Event "Campionatul National pe echipe-DIVIZIA "]
[Site "Hotel Euro Vacanta Slanic Mol"]
[Date "2017.09.30"]
[Round "1.3"]
[White "Ciobanu, Viorel Adrian"]
[Black "Tunaru, Alexandru A"]
[Result "1-0"]
[WhiteElo "2192"]
[BlackElo "2204"]
[PlyCount "83"]
[EventDate "2017.09.30"]
[EventType "team"]
[EventRounds "9"]
[WhiteTeam "CLUBUL DE SAH DIANA GALATI"]
[BlackTeam "CS MUNCITORUL RESITA"]

1. e4 c5 2. Nc3 Nc6 3. g3 g6 4. Bg2 Bg7 5. d3 d6 6. Nf3 Nf6 7. O-O O-O 8. h3 a6
9. Be3 Rb8 10. Qd2 Re8 11. Bh6 Bh8 12. Ng5 Nh5 13. g4 Ng7 14. f4 f6 15. Nf3 Be6
16. f5 Bf7 17. Nd5 gxf5 18. gxf5 Bxd5 19. exd5 Ne5 20. Nxe5 fxe5 21. Be4 Rf8
22. Kh2 Rf6 23. Rg1 Kf7 24. Raf1 Qb6 25. Rg2 Rg8 26. Rfg1 Kf8 27. c4 Qb4 28.
Qg5 b5 29. b3 a5 30. Qh4 bxc4 31. bxc4 Qb7 32. Bg5 Rf7 33. Qxh7 Nxf5 34. Bxe7+
Kxe7 35. Qxg8 Ne3 36. Qg5+ Bf6 37. Qxe3 Qc8 38. Qh6 a4 39. Rf2 a3 40. Rgf1 Qf8
41. Qh5 Qg7 42. Qf5 1-0

[Event "26th Seacoast Trophy 2016"]
[Site "Eforie Nord ROU"]
[Date "2016.07.05"]
[Round "9.6"]
[White "Bonte, Andrei-Mihai"]
[Black "Ciobanu, Viorel Adrian"]
[Result "1-0"]
[WhiteElo "2337"]
[BlackElo "2171"]
[PlyCount "83"]
[EventDate "2016.06.27"]

1. d4 Nf6 2. c4 g6 3. Nc3 Bg7 4. e4 d6 5. Nf3 O-O 6. Be2 e5 7. O-O Nc6 8. d5
Ne7 9. Nh4 c6 10. Be3 cxd5 11. cxd5 a6 12. a4 Nd7 13. Nf3 b6 14. Ne1 f5 15. f3
Bb7 16. Nc2 Nf6 17. Na3 Nc8 18. Nc4 Rf7 19. Qb3 Nd7 20. Qc2 Qf8 21. Qd2 Nc5 22.
Ra3 b5 23. axb5 axb5 24. Rxa8 Bxa8 25. Nxb5 fxe4 26. Bxc5 dxc5 27. fxe4 Rf4 28.
Nc7 Rxf1+ 29. Bxf1 Nd6 30. Ne6 Bh6 31. Nxf8 Bxd2 32. Nxd2 Kxf8 33. Kf2 Bb7 34.
Ke3 Ke7 35. Nb3 c4 36. Na5 Ba6 37. b3 Nxe4 38. Kxe4 c3 39. Bd3 Bc8 40. Kxe5 Bf5
41. Bxf5 gxf5 42. Nc6+ 1-0

[Event "26th Seacoast Trophy 2016"]
[Site "Eforie Nord ROU"]
[Date "2016.07.02"]
[Round "6.7"]
[White "Ciobanu, Viorel Adrian"]
[Black "Petre, Nad Titus"]
[Result "1/2-1/2"]
[WhiteElo "2171"]
[BlackElo "2339"]
[PlyCount "131"]
[EventDate "2016.06.27"]

1. e4 e5 2. Nf3 Nc6 3. Bb5 a6 4. Ba4 d6 5. c3 Bd7 6. O-O g6 7. d4 Bg7 8. d5
Nce7 9. Bxd7+ Qxd7 10. c4 h6 11. Nc3 f5 12. Ne1 Nf6 13. f3 O-O 14. Be3 Rf7 15.
Nd3 Raf8 16. Qe2 c6 17. Rfd1 fxe4 18. fxe4 cxd5 19. cxd5 g5 20. Nf2 Ng6 21. g3
Ne8 22. Rf1 b5 23. Nd3 Nf4 24. gxf4 exf4 25. Bb6 Qb7 26. Bf2 b4 27. Nd1 Nc7 28.
Rc1 Re8 29. Qf3 Rfe7 30. Rc4 a5 31. b3 Nb5 32. h4 Bf6 33. Kh2 Rg7 34. Rg1 Qd7
35. Qg4 Na3 36. Rc6 Rxe4 37. Qxd7 Rxd7 38. Nc5 dxc5 39. Rxf6 Rxd5 40. hxg5 hxg5
41. Rg6+ Kf7 42. R6xg5 Rxg5 43. Rxg5 c4 44. Rxa5 c3 45. Rc5 Rc4 46. Nxc3 bxc3
47. bxc4 c2 48. Be3 fxe3 49. Rf5+ Ke6 50. Rf1 Nxc4 51. Rc1 Na3 52. Kg3 Ke5 53.
Kf3 Kd4 54. Ke2 Ke4 55. Rh1 Nb5 56. Rh4+ Kd5 57. Rh1 Kd4 58. Rh4+ Kc3 59. Rh1
Kd4 60. Rh4+ Kd5 61. Rh1 Kd4 62. Rh4+ Kc3 63. Rh1 Kb2 64. Kxe3 Nc3 65. Rh2 Nxa2
66. Ke4 1/2-1/2

[Event "Campionatul National Individual Masculi"]
[Site "Olanesti - Hotel Parang"]
[Date "2016.04.10"]
[Round "9.19"]
[White "Pit-Rada, Mihail Cosmin"]
[Black "Ciobanu, Viorel Adrian"]
[Result "1-0"]
[WhiteElo "2094"]
[BlackElo "2200"]
[PlyCount "69"]
[EventDate "2016.04.02"]
[EventRounds "9"]

1. Nf3 Nf6 2. c4 g6 3. b4 Bg7 4. Bb2 O-O 5. g3 d6 6. Bg2 e5 7. d3 Nbd7 8. O-O
Nh5 9. Nbd2 e4 10. Bxg7 exf3 11. Bxf8 fxg2 12. Kxg2 Qxf8 13. d4 f5 14. c5 Ndf6
15. Qb3+ Kh8 16. Rac1 Bd7 17. Rfe1 Bc6+ 18. f3 Re8 19. a4 Bd5 20. Qc3 g5 21.
cxd6 cxd6 22. Qd3 Ne4 23. fxe4 Rxe4 24. Kg1 Re8 25. Rf1 f4 26. Rc7 Bg8 27. e4
Bf7 28. Rxb7 d5 29. e5 Bg6 30. Qf3 Ng7 31. Qxd5 Ne6 32. Qd7 Qh6 33. d5 Nd4 34.
Rf2 Nf5 35. Nf1 1-0

[Event "Campionatul National Individual Masculi"]
[Site "Olanesti - Hotel Parang"]
[Date "2016.04.09"]
[Round "8.17"]
[White "Chifor, Ovidiu-Emanuel"]
[Black "Ciobanu, Viorel Adrian"]
[Result "1-0"]
[WhiteElo "2269"]
[BlackElo "2200"]
[PlyCount "85"]
[EventDate "2016.04.02"]
[EventRounds "9"]

1. d4 Nf6 2. c4 g6 3. g3 Bg7 4. Bg2 O-O 5. Nc3 d6 6. Nf3 Nbd7 7. O-O e5 8. e4
exd4 9. Nxd4 Re8 10. h3 Nc5 11. Re1 a5 12. Qc2 c6 13. Be3 a4 14. Rab1 Nfd7 15.
b4 axb3 16. axb3 Ne5 17. Red1 Ra3 18. Nxc6 Nxc6 19. Bxc5 dxc5 20. Rxd8 Rxd8 21.
Nd5 Be6 22. f4 Bd4+ 23. Kh2 Rda8 24. Re1 Ra2 25. Qd3 Rb2 26. Re2 Rxe2 27. Qxe2
Ra1 28. g4 g5 29. e5 gxf4 30. Nf6+ Kf8 31. Bxc6 bxc6 32. Qe4 Ra2+ 33. Kh1 Ra1+
34. Kg2 Ra2+ 35. Kf1 Ke7 36. Qxf4 Kd8 37. Nxh7 Rb2 38. Ng5 Rxb3 39. Nxe6+ fxe6
40. Qf6+ Kc7 41. Qxe6 Rxh3 42. Qd6+ Kb6 43. Qd8+ 1-0